000 00818nam a22002177a 4500
003 UA-OsUOA
001 109006
007 ta
008 20141125b un ||||| |||| 00| 0 ukr d
100 _aПопова Л.
090 _a81
_bП58
942 _cSA
040 _aUA-OsUOA
_bukr
_cUA-OsUOA
_dUA-OsUOA
245 _aФормування професійної компетентності студентів - майбутніх філологів під час вивчення дистанційного курсу "Мовленнєвий етикет ділового спілкування"
300 _aС.3-7
955 _a0
041 _aukr
080 _a81
773 0 _w109005
650 7 _a8 Мовознавство. Художня література. Літературознавство
_2UDC
999 _c395108
_d395108